| 000 | 01032cam a2200349 a 4500 | ||
|---|---|---|---|
| 001 | 60147 | ||
| 003 | CO-BoRNBP | ||
| 005 | 20251212161317.0 | ||
| 007 | ta | ||
| 008 | 040721s2000 sp a jr 00011 spa d | ||
| 020 | _a8495311208 | ||
| 022 | _a9788495311207 | ||
| 040 |
_ala _cla |
||
| 041 | 1 |
_aspa _heng |
|
| 043 | _ae-uk-en | ||
| 082 | 0 | 4 |
_aI823.89 _bG71v7 _219 ed. |
| 084 | _aN GRA6 | ||
| 100 | 1 |
_aGrahame, Kenneth, _d1859-1932. _934815 |
|
| 245 | 1 | 3 |
_aEl viento en los sauces / _cKenneth Grahame ; traducción Ana María Beaven, Pedro Donoso. |
| 250 | _a1a. edición | ||
| 300 |
_a187 p. : _bil. ; _c20 cm. |
||
| 336 |
_2rdacontent _atexto _btxt |
||
| 337 |
_2rdamedia _asin mediación _bn |
||
| 338 |
_2rdacarrier _avolumen _bnc |
||
| 534 | _tThe wind in the willows. | ||
| 650 | 7 |
_aCuentos infantiles ingleses. _2BLAAUTO _915884 |
|
| 650 | 7 |
_aAnimales _vCuentos. _2BLAAUTO _9745 |
|
| 700 | 1 |
_aDonoso, Pedro, _etr. _967888 |
|
| 700 | 1 |
_aBeaven, Ana María, _etr. _967889 |
|
| 942 |
_2ddc _cBK |
||
| 949 |
_an _bn |
||
| 999 |
_c60147 _d60147 |
||